|
|
|
|
| LEADER |
02148nam a2200517 i 4500 |
| 001 |
001796358 |
| 003 |
CZ BrMZK |
| 005 |
20211019121132.0 |
| 007 |
ta |
| 008 |
210727s2010 xo a c f 001 0 cze |
| 020 |
|
|
|a 978-80-8046-472-1
|q (kroužková vazba) :
|c 299.00 Kč
|
| 040 |
|
|
|a KLG001
|b cze
|d BOA001
|e rda
|
| 041 |
1 |
|
|a cze
|h eng
|
| 072 |
|
7 |
|a 808
|x Literární styl. Literární činnost a technika. Efektivní využívání jazyka. Spisovatelská činnost
|2 Konspekt
|9 11
|
| 072 |
|
7 |
|a 0/9-053.2
|x Literatura pro děti a mládež (naučná)
|2 Konspekt
|9 26
|
| 080 |
|
|
|a 808.1
|2 MRF
|
| 080 |
|
|
|a 82-6
|2 MRF
|
| 080 |
|
|
|a 81`38
|2 MRF
|
| 080 |
|
|
|a (035)
|2 MRF
|
| 080 |
|
|
|a (0.053.2)
|2 MRF
|
| 100 |
1 |
|
|a Faundez, Anne
|7 xx0127466
|4 aut
|
| 240 |
1 |
0 |
|a How to write stories, poems, reports, letters and emails.
|l Česky
|
| 245 |
1 |
0 |
|a Jak psát příběhy, básně, zprávy, dopisy a e-maily /
|c Anne Faundezová, Wes Magee, Celia Warrenová ; z anglického originálu How to write stories, poems, reports, letters and emails přeložila: Kateřina Nejedlá
|
| 246 |
1 |
4 |
|a Jak psát příběhy, básně, dopisy, projekty, reportáže, e-maily... a další
|
| 250 |
|
|
|a První vydání
|
| 264 |
|
1 |
|a Bratislava :
|b Perfekt,
|c 2010
|
| 300 |
|
|
|a 120 stran :
|b barevné ilustrace ;
|c 31 cm
|
| 336 |
|
|
|a text
|b txt
|2 rdacontent
|
| 336 |
|
|
|a statický obraz
|b sti
|2 rdacontent
|
| 337 |
|
|
|a bez média
|b n
|2 rdamedia
|
| 338 |
|
|
|a svazek
|b nc
|2 rdacarrier
|
| 500 |
|
|
|a Terminologický slovník
|
| 500 |
|
|
|a Obsahuje rejstřík
|
| 650 |
0 |
7 |
|a tvůrčí psaní
|7 ph126817
|2 czenas
|
| 650 |
0 |
7 |
|a literární tvorba
|7 ph117227
|2 czenas
|
| 650 |
0 |
7 |
|a korespondence
|7 ph121871
|2 czenas
|
| 650 |
0 |
7 |
|a stylistika
|7 ph126173
|2 czenas
|
| 655 |
|
7 |
|a příručky
|7 fd133209
|2 czenas
|
| 655 |
|
7 |
|a publikace pro děti
|7 fd133156
|2 czenas
|
| 700 |
1 |
|
|a Magee, Wes,
|d 1939-2021
|7 xx0127467
|4 aut
|
| 700 |
1 |
|
|a Warren, Celia
|7 xx0127468
|4 aut
|
| 700 |
1 |
|
|a Nejedlá, Kateřina
|7 xx0111615
|4 trl
|
| 910 |
|
|
|a BOA001
|b 4-1466.960
|
| 990 |
|
|
|a BK
|
| 991 |
|
|
|b 202110
|
| 996 |
7 |
|
|b 2610875740
|c 4-1466.960
|l MZK
|r Sklad / do 1 hodiny
|n 0
|p dar
|w 001860890
|u 000010
|a 1
|e BOA001
|j MZK50
|s A
|